Annual report (Record no. 502514)

000 -LEADER
fixed length control field 00291cam a22001097a 4500
008 - FIXED-LENGTH DATA ELEMENTS--GENERAL INFORMATION
fixed length control field 180718b-- xxu||||| |||| 00| 0 eng d
082 ## - DEWEY DECIMAL CLASSIFICATION NUMBER
Classification number A45:U61 ONGC
100 ## - MAIN ENTRY--PERSONAL NAME
Personal name Oil and Natural Gas Commission
245 ## - TITLE STATEMENT
Title Annual report
260 ## - PUBLICATION, DISTRIBUTION, ETC.
Place of publication, distribution, etc. New Delhi
Name of publisher, distributor, etc. The author
Date of publication, distribution, etc. --
500 ## - GENERAL NOTE
General note Library has 2005/06
Holdings
Withdrawn status Lost status Damaged status Not for loan Permanent Location Current Location Date acquired Full call number Barcode Date last seen Price effective from Koha item type
        Indian Institute of Public Administration Indian Institute of Public Administration 2018-08-04 A45:U61 ONGC GG28543 2018-08-04 2018-08-04 GG

Powered by Koha